000 00900njm a22002417a 4500
005 20100901105819.0
006 a|||||r|||||00| 0
007 sd ammalaaahaa
008 100901t xxu||||| |||| 00| 0 eng d
028 _aN.24595
_bHis Master's Voice
035 _aGR-263
040 _aSED
_cSED
100 _aBismillah
_917690
245 _aSahnaai /
_cby Bismillah & party
_h[Sound Recording] :
246 _aसहनाई / पूर्वी धुन
260 _aDum Dum India
_bHis Master's Voice
300 _a1 sound disc (Gramophone Recording)
_banalog 33 1/3 rpm
_c9.5 in. (MP)
_fGramophone Record
500 _aBrief Record
505 _aSide-2 सहनाई (sahnaai) (Cheli)
650 _aInstrumental Classical Music
_xExcerpts
_zIndia
_917691
942 _2ddc
_cGR
999 _c43301
_d43301